| 000 | 00569nam a22002057a 4500 | ||
|---|---|---|---|
| 003 | Ost | ||
| 005 | 20260225060050.0 | ||
| 008 | 260225b |||||||| |||| 00| 0 eng d | ||
| 020 | _a9783319293370 | ||
| 040 | _cBT-PhCST | ||
| 050 | _a25610-25611 | ||
| 082 |
_222 _a628.1 _bYOU |
||
| 100 | _aYounos, Tamim. | ||
| 245 | _aSustainable water management in urban environments / | ||
| 260 |
_aUSA : _bSpringer International Publishing, _cc2016. |
||
| 300 |
_axviii, 332 p. : _bill. ; _c27 cm. |
||
| 500 | _aIncludes index. | ||
| 700 | _aParece, Tammy. | ||
| 942 |
_2ddc _cWRE |
||
| 999 |
_c10133 _d10133 |
||